| 000 | 00542nam a2200193Ia 4500 | ||
|---|---|---|---|
| 999 |
_c10150 _d10150 |
||
| 003 | OSt | ||
| 005 | 20191218140226.0 | ||
| 008 | 190216s9999||||xx |||||||||||||| ||und|| | ||
| 020 | _a9788121902984 | ||
| 040 | _coclc | ||
| 082 |
_a330.954 _bDAT/I |
||
| 100 |
_aDatt, Ruddar _9509 |
||
| 245 | 0 |
_aIndian Economy / _c Ruddar Datt ; K P M Sundharam |
|
| 250 | _a39th ed. | ||
| 260 |
_bSulthan Chand&Sons, _c1998. _aDelhi: |
||
| 300 | _a892p | ||
| 650 | _aEconomics | ||
| 942 |
_cBK _2ddc _h330.954 _iDAT/I _k330.954 _mDAT/I |
||